সাহিত্য শিল্পী বঙ্কিম চন্দ্র / (Record no. 118290)
[ view plain ]
| 000 -LEADER | |
|---|---|
| fixed length control field | 00838nam a22001817a 4500 |
| 003 - CONTROL NUMBER IDENTIFIER | |
| control field | BD-DhUL |
| 005 - DATE AND TIME OF LATEST TRANSACTION | |
| control field | 20161031182222.0 |
| 008 - FIXED-LENGTH DATA ELEMENTS--GENERAL INFORMATION | |
| fixed length control field | 161031s1984 ii ||||| |||| 00| 0 ben |
| 040 ## - CATALOGING SOURCE | |
| Original cataloging agency | BD-DhUL |
| Transcribing agency | BD-DhUL |
| 082 ## - DEWEY DECIMAL CLASSIFICATION NUMBER | |
| Classification number | 891.44509 |
| Item number | SUS |
| 100 1# - MAIN ENTRY--PERSONAL NAME | |
| Personal name | বন্দ্যোপাধ্যায়, সুনীল কুমার |
| 245 10 - TITLE STATEMENT | |
| Title | সাহিত্য শিল্পী বঙ্কিম চন্দ্র / |
| Statement of responsibility, etc. | সুনীল কুমার বন্দ্যোপাধ্যায় |
| 260 ## - PUBLICATION, DISTRIBUTION, ETC. (IMPRINT) | |
| Place of publication, distribution, etc. | কলিকাতা : |
| Name of publisher, distributor, etc. | পশ্চিম বঙগ রাজ্যপুস্তক পর্ষদ, |
| Date of publication, distribution, etc. | ১৯৮৪. |
| 300 ## - PHYSICAL DESCRIPTION | |
| Extent | [৮], ২০৯ পৃ.; |
| Dimensions | ২১ সেমি. |
| 600 #0 - SUBJECT ADDED ENTRY--PERSONAL NAME | |
| Personal name | বঙ্কিমচন্দ্র |
| General subdivision | জীবনী |
| 600 #0 - SUBJECT ADDED ENTRY--PERSONAL NAME | |
| Personal name | Bankimchandra |
| General subdivision | Biography |
| 942 ## - ADDED ENTRY ELEMENTS (KOHA) | |
| Source of classification or shelving scheme | |
| Koha item type | Books |
| Price effective from | Date last seen | Permanent Location | Not for loan | Date acquired | Source of classification or shelving scheme | Koha item type | Lost status | Withdrawn status | Copy number | Source of acquisition | Collection code | Damaged status | Shelving location | Barcode | Current Location | Full call number |
|---|---|---|---|---|---|---|---|---|---|---|---|---|---|---|---|---|
| 2016-10-31 | 2016-10-31 | Dhaka University Library | 2016-10-31 | Books | 1 | Purchased | Fiction | General Stacks | 335305 | Dhaka University Library | 891.44509 SUS |
